000 00320nam a22001337a 4500
020 _a978-0-8031-817
100 _aEmery, Scott
245 _aAnnual Book Of ASTM Standards
250 _aVOLUME 01.06 COATED STEEL
260 _aNew York
_bASTM International,
300 _a886 p. ;
500 _aPaperback.
942 _cBK
999 _c32863
_d32863